General quiz about Turkey - Statistics

General Stats
  • This quiz has been taken 633 times
  • The average score is 4 of 5
Answer Stats
Hint Answer % Correct
What is the capital of Turkey Ankara
97%
what is the biggest city in turkey? Istanbul
95%
who is the prime minister of Turkey? Recep Tayyip Erdoğan
95%
Who was the first president of Turkey Mustafa Kemal Atatürk
94%
Who is the current president of Turkey? Abdullah Gül
55%
No matching quizzes found
Score Distribution
Percent of People with Each Score
Percentile by Number Answered
Your Score History
You have not taken this quiz